Statistiken für Größten Empfänger Ausländischer Hilfe

Klicken Sie hier um das Quiz zu spielen!

Allgemein

  • Dieses Quiz wurde 45 mal gespielt
  • Das Durchschnittsergebnis liegt bei 12 aus 21

Antwortstatistiken

Netto $Land% Korrekt
3.36 bilNigeria
80%
4.66 bilAfghanistan
78%
3.54 bilDemokratische Republik Kongo
78%
9.69 bilSyrien
78%
3.12 bilIndien
73%
2.21 bilUkraine
73%
1.81 bilIrak
70%
2.40 bilSomalia
70%
3.77 bilSudan
70%
2.11 bilSüdsudan
65%
2.70 bilPakistan
63%
3.87 bilJemen
60%
3.98 bilÄthiopien
58%
8.24 bilÄgypten
48%
3.14 bilKenia
48%
3.44 bilJordanien
45%
2.57 bilTansania
45%
2.52 bilUganda
45%
5.04 bilBangladesch
43%
2.25 bilMosambik
33%
1.91 bilKolumbien
23%

Verteilung der Resultate

Perzentil nach korrekt beantworteten Fragen

Anzahl Personen mit jedem Resultat

Ihre Resultats-Entwicklung

Sie haben dieses Quiz noch nicht gespielt